| 000 | 00512nam a2200253Ia 4500 | ||
|---|---|---|---|
| 001 | 066906 | ||
| 003 | YMCAF | ||
| 005 | 20230512160410.0 | ||
| 008 | 100717s1972 ||||||||||||||||| ||und|d | ||
| 020 | _a- | ||
| 024 | _a66906 | ||
| 035 | _a6369 | ||
| 040 |
_aYMCAF _beng _cIN-KoLT |
||
| 041 | _aeng | ||
| 082 |
_a629.8312 _bEVE |
||
| 100 | _aEVELEIGH, W V | ||
| 245 | 0 | _aCONTROL SYSTEMS DESIGN | |
| 250 | _a- | ||
| 260 |
_bTMH _c1972 |
||
| 300 | _a624 | ||
| 653 | _a- | ||
| 653 | _a- | ||
| 942 |
_2ddc _cBK |
||
| 999 |
_c4197 _d4197 |
||